| 000 | 00000nam 2200000zi 4500 |
| 001 | 9.867819 |
| 003 | CaOODSP |
| 005 | 20241203113645 |
| 006 | m o d f |
| 007 | cr nn||||||||| |
| 008 | 190131s1987 onca ob f000 0 eng d |
| 040 | |aCaOODSP|beng|erda|cCaOODSP |
| 041 | |aeng|bfre |
| 043 | |an-cn--- |
| 086 | 1 |aEn13-5/87-41E-PDF |
| 100 | 1 |aBukata, R. P., |eauthor. |
| 245 | 12|aA mathematical description of the effects of prolonged water level fluctuations on the areal extents of marshlands / |cby R.P. Bukata, J.E. Bruton and J.H. Jerome ; and W.S. Haras. |
| 264 | 1|aBurlington, Ontario : |bRivers Research Branch, National Water Research Institute, Canada Centre for Inland Waters, |c[1987] |
| 300 | |a1 online resource (52 pages, 65 unnumbered pages) : |billustrations. |
| 336 | |atext|btxt|2rdacontent |
| 337 | |acomputer|bc|2rdamedia |
| 338 | |aonline resource|bcr|2rdacarrier |
| 490 | 1 |aNWRI contribution ; |v87-41 |
| 500 | |a"RRB-87-02." |
| 500 | |aDigitized edition from print [produced by Environment and Climate Change Canada]. |
| 504 | |aIncludes bibliographical references. |
| 546 | |aIncludes abstract and management perspective in French. |
| 692 | 07|2gccst|aWetlands |
| 692 | 07|2gccst|aModelling |
| 700 | 1 |aBruton, J. E., |eauthor. |
| 700 | 1 |aHaras, W. S., |eauthor. |
| 700 | 1 |aJerome, John H. |q(John Harvey)|eauthor. |
| 710 | 1 |aCanada. |bEnvironment Canada. |
| 710 | 2 |aNational Water Research Institute (Canada). |bRivers Research Branch. |
| 830 | #0|aNWRI contribution ;|v87-41.|w(CaOODSP)9.844121 |
| 856 | 40|qPDF|s6.91 MB|uhttps://publications.gc.ca/collections/collection_2019/eccc/En13-5-87-41-eng.pdf |